Reflexiones en torno al derecho penal de nuestro tiempo / (Registro nro. 11423)

Detalles MARC
000 -LEADER
fixed length control field 01059nam a2200289 4500
001 - CONTROL NUMBER
control field 0000023059
003 - CONTROL NUMBER IDENTIFIER
control field CO-CtgCURN
005 - DATE AND TIME OF LATEST TRANSACTION
control field 20250329191024.0
007 - PHYSICAL DESCRIPTION FIXED FIELD--GENERAL INFORMATION
fixed length control field ta
008 - FIXED-LENGTH DATA ELEMENTS--GENERAL INFORMATION
fixed length control field 160627s2007 000 0 eng d
020 ## - INTERNATIONAL STANDARD BOOK NUMBER
International Standard Book Number 9789586952712
040 ## - CATALOGING SOURCE
Original cataloging agency CO-CtgCURN
Language of cataloging spa
Transcribing agency coctgcurn
082 0# - DEWEY DECIMAL CLASSIFICATION NUMBER
Classification number 345
Item number G748r
100 1# - MAIN ENTRY--PERSONAL NAME
Personal name Granados Peña, Jaime Enrique.
245 10 - TITLE STATEMENT
Title Reflexiones en torno al derecho penal de nuestro tiempo /
Statement of responsibility, etc. Jaime Enrique Granados Peña.
260 ## - PUBLICATION, DISTRIBUTION, ETC.
Place of publication, distribution, etc. Bogotá :
Name of publisher, distributor, etc. Universidad de los Andes. Falcultad de Derecho,
Date of publication, distribution, etc. 2007.
300 ## - PHYSICAL DESCRIPTION
Extent x. 117 p.
336 ## - CONTENT TYPE
Source rdacontent
337 ## - MEDIA TYPE
Source rdamedia
Media type term sin mediacion
Media type code n
338 ## - CARRIER TYPE
Source rdacarrier
Carrier type term volumen
Carrier type code nc
500 ## - GENERAL NOTE
General note Incluye notas bibliograficas de pie de pagina\Conclusion.
505 8# - FORMATTED CONTENTS NOTE
Formatted contents note necesidad inaplazable de la reforma al Código penal.--Aspectos dogmaticos.--Orientacion de la reforma que debio ser adelantada
650 14 - SUBJECT ADDED ENTRY--TOPICAL TERM
Topical term or geographic name entry element Derecho penal.
908 ## - PUT COMMAND PARAMETER (RLIN)
Put command parameter 160627
942 ## - ADDED ENTRY ELEMENTS (KOHA)
Koha item type Libros
Classification part 345
Item part G748r
Source of classification or shelving scheme Dewey Decimal Classification
Existencias
Withdrawn status Lost status Source of classification or shelving scheme Damaged status Not for loan Collection Home library Current library Shelving location Date acquired Inventory number Total checkouts Full call number Barcode Date last seen Copy number Price effective from Koha item type Public note
    Dewey Decimal Classification     General Miguel Henríquez Castañeda Miguel Henríquez Castañeda General 03/29/2025 012448   345 G748r 012448 03/29/2025 ej.1 03/29/2025 Libros 340-DEREC